Music, Language, and the brain (Record no. 16180)

MARC details
000 -LEADER
fixed length control field 00738nam a22002177a 4500
008 - FIXED-LENGTH DATA ELEMENTS--GENERAL INFORMATION
fixed length control field 161010b xxu||||| |||| 00| 0 eng d
020 ## - INTERNATIONAL STANDARD BOOK NUMBER
International Standard Book Number 0199755301
040 ## - CATALOGING SOURCE
Original cataloging agency KABU
Transcribing agency KABU
050 ## - LIBRARY OF CONGRESS CALL NUMBER
Classification number ML3830
Item number .P38 2008 C.1
100 ## - MAIN ENTRY--PERSONAL NAME
Personal name Patel, Aniruddh D.
245 ## - TITLE STATEMENT
Title Music, Language, and the brain
Statement of responsibility, etc. by Aniruddh D. Patel
260 ## - PUBLICATION, DISTRIBUTION, ETC. (IMPRINT)
Place of publication, distribution, etc. New York
Name of publisher, distributor, etc. Oxford university press
Date of publication, distribution, etc. 2008
300 ## - PHYSICAL DESCRIPTION
Extent xi, 513 p.
650 ## - SUBJECT ADDED ENTRY--TOPICAL TERM
Source of heading or term Music
Form subdivision Psychological aspects
650 ## - SUBJECT ADDED ENTRY--TOPICAL TERM
Source of heading or term Music
General subdivision Physiological aspects
650 ## - SUBJECT ADDED ENTRY--TOPICAL TERM
Source of heading or term Auditory perception
General subdivision Physiological aspects
650 ## - SUBJECT ADDED ENTRY--TOPICAL TERM
Source of heading or term Language acquisition
General subdivision Physiological aspects
650 ## - SUBJECT ADDED ENTRY--TOPICAL TERM
Source of heading or term Cognitive neuroscience
650 ## - SUBJECT ADDED ENTRY--TOPICAL TERM
Source of heading or term Neurobiology
942 ## - ADDED ENTRY ELEMENTS (KOHA)
Source of classification or shelving scheme Library of Congress Classification
Koha item type General Collection
Classification part ML3830 .P38 2008 C.1
Holdings
Withdrawn status Lost status Source of classification or shelving scheme Not for loan Home library Current library Shelving location Date acquired Cost, normal purchase price Total Checkouts Full call number Barcode Date last seen Copy number Price effective from Koha item type
    Library of Congress Classification   Kabarak, Main Campus Kabarak, Main Campus General Stacks 10/10/2016 3699.54   ML3830 .P38 2008 C.1 026931 10/10/2016 C.1 10/10/2016 General Collection
Designed with assistance from East African Informatics Ltd